Environmentálny manažment ako súčasť podnikovej stratégie

Environmentálny manažment je neoddeliteľnou súčasťou celkového systému riadenia podniku. Ochrana životného prostredia by sa mala stať súčasťou stratégie podniku a mala by byť zaradená do všetkých podnikových činností aj na úrovni taktickej a operatívnej. Systém by mal viesť k zlepšovaniu environment...

Descrizione completa

Salvato in:
Dettagli Bibliografici
Autore principale: Marečková, Zuzana
Natura: Capitolo di libro
Lingua:slovacco
Soggetti:
Tags: Aggiungi Tag
Nessun Tag, puoi essere il primo ad aggiungerne!!

MARC

LEADER 00000nla$a2200000$$$4500
001 0066551
005 20240502071806.2
041 0 |a slo 
044 |a SK 
245 1 0 |a Environmentálny manažment ako súčasť podnikovej stratégie  |c Zuzana Marečková 
520 |a Environmentálny manažment je neoddeliteľnou súčasťou celkového systému riadenia podniku. Ochrana životného prostredia by sa mala stať súčasťou stratégie podniku a mala by byť zaradená do všetkých podnikových činností aj na úrovni taktickej a operatívnej. Systém by mal viesť k zlepšovaniu environmentálneho profilu podniku a mal by prispieť k napĺňaniu princípu trvalo udržateľného rozvoja. Podnik a životné prostredie v minulosti a dnes. Podstata environmentálneho manažmentu na úrovni podniku je v jeho preventívnom a dobrovoľnom prístupe k riešeniu environmentálnych problémov. Systém environmentálneho manažérstva podľa noriem ISO 14 000. Systém riadenia podniku a auditu z hľadiska ochrany životného prostredia (EMAS). Environmentálne označovanie výrobkov, environmentálne účtovníctvo, integrovaná výrobková politika. 
610 2 0 |a podnik 
610 2 0 |a systémy riadenia 
610 2 0 |a manažment 
610 2 0 |a ekológia 
610 2 0 |a prostredie životné 
610 2 0 |a normy ISO 
610 2 0 |a audit 
610 2 0 |a označovanie tovarov 
610 2 0 |a politika výrobková 
610 2 0 |a integrácia 
610 2 0 |a stratégia podniková 
100 1 |a Marečková, Zuzana